Escuela superior de comercio "manuel belgrano"; educar para el futuro /

Guardado en:
Autor Principal: Córdoba Universidad Nacional
Formato: Libro
Publicado: Córdoba : , 0
Materias:
Etiquetas: Agregar Etiqueta
Sin Etiquetas, Sea el primero en etiquetar este registro!
LEADER 00463nam a22001575a 4500
001 CEM.cems001897
005 20060215000000.0
008 130507b######################000#0#####d
003 CEMS
082 0 4 |a 373 
100 1 |a Córdoba Universidad Nacional 
245 1 0 |a Escuela superior de comercio "manuel belgrano"; educar para el futuro / 
260 |a Córdoba :  |b , 0 
300 |a 104 
653 |a Educacion 
859 |a CEMS  |b BIB. CEMS - 11 de abril  |h 373  |i C812-1  |p 12971.84  |t Ej.1